=LDR 00000nam 2200000 4500 =001 INLIS000000000016801 =005 20130612112037 =008 ***********************************Ind** =035 ##$$0010-061300000016801 =041 ##$$a Ind =082 ##$$a F Rom K =090 ##$$a F Rom K, Vam v =245 ##$$a Vampir desa La coste, diterjemahkan oleh Rabamba =260 ##$$a 1996 $b Jakarta =300 ##$$a 48 hlm, ilus, 29 cm =650 ##$$a Bacaan anak-anak =850 ##$$a NBPNMAT =990 ##$$a 85578557 =990 ##$$a 30702099